Services Marketing and Management (Record no. 94623)

MARC details
000 -LEADER
fixed length control field 00589nam a2200229Ia 4500
005 - DATE AND TIME OF LATEST TRANSACTION
control field 20230202110545.0
008 - FIXED-LENGTH DATA ELEMENTS--GENERAL INFORMATION
fixed length control field 230125s9999 xx 000 0 und d
020 ## - INTERNATIONAL STANDARD BOOK NUMBER
International Standard Book Number 9788121921619
041 ## - LANGUAGE CODE
Language code of text/sound track or separate title eng
082 ## - DEWEY DECIMAL CLASSIFICATION NUMBER
Classification number 658.8
Item number BAL
100 ## - MAIN ENTRY--PERSONAL NAME
Author Balaji B
245 ## - TITLE STATEMENT
Title Services Marketing and Management
250 ## - EDITION STATEMENT
Edition statement Ed.2nd
260 ## - PUBLICATION, DISTRIBUTION, ETC.
Date of publication, distribution, etc. 2014
Name of publisher, distributor, etc. S. Chand & Company Ltd.
Place of publication, distribution, etc. New Delhi
300 ## - PHYSICAL DESCRIPTION
Extent 436p
500 ## - GENERAL NOTE
Keywords Services marketing
650 ## - SUBJECT ADDED ENTRY--TOPICAL TERM
Topical term or geographic name entry element Services marketing
700 ## - ADDED ENTRY--PERSONAL NAME
Personal name Balaji B
942 ## - ADDED ENTRY ELEMENTS (KOHA)
Koha item type Books
906 ## - LOCAL DATA ELEMENT F, LDF (RLIN)
b 108.5
Holdings
Withdrawn status Lost status Damaged status Not for loan Home library Current library Date acquired Vendor Net Price Bill number Total Checkouts Full call number Barcode Date last seen Actual Price Bill Date Koha item type Original Barcode Total Renewals Date due Date last checked out
        Smt. Hiraben Nanavati Institute of Management & Research for Women Smt. Hiraben Nanavati Institute of Management & Research for Women 24/02/2017 Suyog Enterprises 350.00 SE/SI/3790   658.8 BAL B15318 HIMR-BK-15318 25/01/2023 241.50 22/02/2017 Books B15318      
        Smt. Hiraben Nanavati Institute of Management & Research for Women Smt. Hiraben Nanavati Institute of Management & Research for Women 24/02/2017 Suyog Enterprises 350.00 SE/SI/3790   658.8 BAL B15319 HIMR-BK-15319 25/01/2023 241.50 22/02/2017 Books B15319      
        Smt. Hiraben Nanavati Institute of Management & Research for Women Smt. Hiraben Nanavati Institute of Management & Research for Women 24/02/2017 Suyog Enterprises 350.00 SE/SI/3790 1 658.8 BAL B15320 HIMR-BK-15320 28/10/2025 241.50 22/02/2017 Books B15320 2 06/01/2026 28/10/2025